| 000 | 00774nam a22002177a 4500 | ||
|---|---|---|---|
| 003 | 0 | ||
| 005 | 20260205160936.0 | ||
| 008 | 260205b xxu||||| |||| 00| 0 eng d | ||
| 020 | _a978-0-553-53761-1 | ||
| 050 |
_aM 371.822 _bC797 2016 |
||
| 082 |
_aM 371.822 _bC797 2016 |
||
| 100 | _aCorey, Shana | ||
| 245 |
_aMalala : _ba hero for all / _cby Shana Corey; illustrated by Elizabeth Sayles. |
||
| 260 |
_aNew York, NY : _bPenguin Random House LLC, _c2016. |
||
| 300 |
_a48 pages : _bcolored illustrations ; _c23 cm. |
||
| 650 |
_aYousafzai, Malala, 1997 _vJuvenile literature. |
||
| 650 |
_aGirls _vEducation _zPakistan _xJuvenile literature. |
||
| 650 |
_aPakistan _vSocial conditions _xJuvenile literature. |
||
| 700 |
_aSayles, Elizabeth, _eillustrator. |
||
| 942 |
_2ddc _cBK |
||
| 999 |
_c368830 _d368830 |
||